MDQL
is popping MORE tags! Check the
thread
!
Quizzes
Events
Quiz Creation
Community
Videos
Private Events
Remove Ads
Sign In
Join for FREE
Feedback
Dark Mode
Quiz Categories
Sports
Geography
Music
Movies
Television
Just For Fun
Miscellaneous
History
Literature
Language
Science
Gaming
Entertainment
Religion
Holiday
For Kids
Quiz Lab
Recent
Popular Today
Quiz Kudos Today
Editor Picks
Curator Picks
Quizzes by...
Day
Popularity
Type
Ratings
Length
Year
Community
Subscriptions
Recent Discussions
Orange Saloon
Badges
Playlists
Quests
Create
Leaderboards
Showdown
Live 5
Trivia Bingo
Activity
Puzzle Library
Sporcle Events
Private Events
Virtual Trivia
Globe League
Become a Host
Pub Owners
SporcleCon
Opinionation
Our Games
Videos
Blog
Mobile Apps
Partnerships
Remove Ads and Go Orange
Feedback
Sports
Athletes
MLB
NBA
NHL
NFL
Soccer
Sports Teams
WWE
NCAA
Football
Premier League
Basketball
Baseball
Hockey
Golf
Tennis
Cricket
Rugby
Auto Racing
Olympics
World Cup
Sports
Athletes
MLB
NBA
NHL
NFL
Soccer
Sports Teams
WWE
NCAA
Football
Premier League
Basketball
Baseball
Hockey
Golf
Tennis
Cricket
Rugby
Auto Racing
Olympics
World Cup
Random Quiz
Search Sporcle
×
Quiz Lab
Quiz Lab
Sports
Player
Type in answers that appear in a list
Type in answers that appear in a list
Classic
Best Score? Go Orange.
Pirates Traded Players Stats
Can you name the players traded away mid-season by the Pirates since 2001?
By
docganz30
6m
30 Questions
353 Plays
353 Plays
353 Plays
Comments
Comments
Give Quiz Kudos
Give Quiz Kudos
-
- Ratings
hide this ad
More Info
Replay
Link that replays current quiz
Next Quiz
Link to next quiz in quiz playlist
You Got
0%
They Got
Avg Score
41%
Avg Friend Score
Upgrade to see
Score Distribution
Jump to the score distribution portion of the page
Score
0/30
Timer
06:00
0
Plays Today
Year
Player
% Correct
2008
Jason Bay
90.7%
2009
Jack Wilson
75.1%
2003
Aramis Ramirez
74.5%
2006
Craig Wilson
73.7%
2009
Freddy Sanchez
72.2%
2008
Xavier Nady
69.4%
2003
Brian Giles
68.8%
2009
Nate McLouth
58.1%
2003
Kenny Lofton
53.8%
2001
Jason Schmidt
51.3%
2009
Adam LaRoche
49.9%
2006
Oliver Perez
46.2%
2008
Damaso Marte
46.2%
2009
Ian Snell
46.2%
2004
Kris Benson
38.2%
Year
Player
% Correct
2009
Tom Gorzelanny
38.2%
2009
Nyjer Morgan
36.3%
2009
John Grabow
32.9%
2001
Mike Williams
31.2%
2003
Mike Williams
31.2%
2001
John Vander Wal
28%
2006
Kip Wells
27.2%
2003
Randall Simon
21%
2003
Jeff Suppan
19.5%
2006
Sean Casey
16.7%
2009
Eric Hinske
15.3%
2005
Matt Lawton
11.9%
2003
Scott Sauerbeck
11.3%
2002
Mike Fetters
6.8%
2001
Terry Mulholland
2.3%
Quiz Playlist
Details
Report
Send in Message
Add To Playlist
More Info:
Name the players traded away by the Pirates (usually for nothing) during the season since 2001.
Classic:
Type in answers that appear in a list
Quiz Source
Last Updated: Feb 16, 2017
Quiz Scoreboard
CHALLENGE
Sign Up to Join the Scoreboard
Show All
Scores
Hide
Comments
May contain spoilers
Recently Published
1-10 Letter E Words III
by El_Dandy
Language
2m
Street Fighter Characters
by Artimus82
Gaming
60s
College Basketball Coaching Resumes
by pancakes188
Sports
9m
More to Explore
Quiz From the Vault
Featured Blog Post
Where Did the Easter Bunny Come From?
hide this ad
You Might Also Like...
Tags
2001
Away
mid-season
pirate
Player
team
Traded
Today's Top Quizzes in Sports
Browse Sports
hide this ad
Today's Top Quizzes in Player
Browse Player
Top Contributed Quizzes in Sports
1
2022 World Cup Stars
2
Les meilleurs buteurs des matchs entre le PSG et l’OM
3
FIFA Club World Cup Champions
4
Les entraîneurs de l'OM et du PSG au 21e siècle
5
Criteria MLB: Left Handed Sluggers
6
2023 MLB Unique Player Accomplishments
7
AFC Teams Reveal (Wrong Answers Minefield)
8
Players with Multiple 50 Home Run Seasons
9
5-to-1: FBS Animal Nicknames
10
5-to-1: UK Sports Teams
Explore More
Trending Topics
Kpop
Harry Potter
NBA
Disney
Marvel
Anime
Crossword
Country
Pokémon
WWE
Soccer
NFL
The Office
Puzzle
Song
hide this ad
More By:
docganz30
Quiz
Plays
Rating
Category
Featured
Created
Cubs Home Runs
391
3.00
Sports
Mar 2, 2010
Pirates Traded Players
353
5.00
Sports
Mar 2, 2010
Go to Creator's Profile
Score Distribution
Quiz Creator Spotlight
docganz30
Follow
Send a Message
Quizzes Created
-
Created Quiz Play Count
-
More By This Creator
Popular Quizzes Today
1
Find the US States - No Outlines Minefield
2
Find the Countries of Europe - No Outlines Minefield
3
The Countries of the World
4
Find the US States
5
Risky Map Clicking: Biggest States A-Z
6
US States
7
Popular People in 1961
8
Movies - When Are They Set?
More Sports Quizzes
NFL First Drafted Wide Receivers 2010's
Quiz Lab
Trending Quizzes
Risky Map Clicking: Least Populous States A-Z
1-10 Letter G Words
1-10 Letter F Words
Countries of the World: 200 Million BC
Risky Map Clicking: Next State Alphabetically
Recently Updated
Beyoncé Albums
pecheneg
Leaping Animals
pecheneg
Reality TV Shows (A-Z)
bhenderson79
Rickey Henderson's Hall of Fame Teammates
pecheneg
Champions League XIs: Arsenal
pecheneg
Quick Pick: Celebrities in WWE's Hall of Fame
aduchscher
A-Z Keypad Blitz II
pecheneg
Multiple Oscar Actors
pecheneg
Mystery Phrase Blitz: Oscar 'Best Actors'
pecheneg
F. Scott Fitzgerald Novels
LTH
Trending Topics
NBA
Marvel
Disney
Kpop
Crossword
Anime
Harry Potter
Soccer
Pokémon
WWE
Puzzle
NFL
The Office
Song
Country
Your Account Isn't Verified!
In order to create a playlist on Sporcle, you need to verify the email address you used during registration. Go to your
Sporcle Settings
to finish the process.
Report this User
Report this user for behavior that violates our
Community Guidelines
.
Details:
Send Report
Go to the Sporcle.com Mobile Site →
Comments